00557nam a2200193 a 4500001001300000003000900013005001700022008004100039020000900080082001900089100001900108245010200127260003200229300000900261500003500270650001800305700002100323700001900344nice12345678IN_TiNIC20260116014807.0110111s2004 newa grp 000 0 eng  ac9000a341.7588bSHI6 aShiva, Vandana aCitizens Vote for Gmo-Free Foodb Global Citizen`s Report on Geneticallly Modified Crops and Food aNew Delhi bNavdanya c2004 a105p aincludes index and biblioraphy aGlobalization1 aDorothea, Ruesch1 aAfsar, H Jafri